[Event "GER-ch 92nd"]
[Site "Magdeburg"]
[Date "2021.07.31"]
[Round "9"]
[White "Braun, Georg"]
[Black "Svane, Frederik"]
[Result "1/2-1/2"]
[WhiteElo "2375"]
[BlackElo "2438"]
[EventDate "2021.07.25"]
[PlyCount "152"]

1. c4 b6 2. Nc3 Bb7 3. e4 e6 4. g3 f5 5. Bg2 Nf6 6. d3 Bc5 7. Nh3 O-O 8. O-O fxe4 9. Ng5 Nc6 10. Ngxe4 Nxe4 11. Nxe4 Bd4 12. Qe2 Qe7 13. Kh1 Rae8 14. f4 g6 15. Rb1 Bg7 16. Be3 Nd4 17. Bxd4 Bxd4 18. Nd2 Bxg2+ 19. Kxg2 Bg7 20. Nf3 Qd6 21. Qe4 c5 22. b3 Rb8 23. Rbc1 b5 24. Rfd1 a5 25. d4 cxd4 26. c5 Qc6 27. Qxc6 dxc6 28. Nxd4 Bxd4 29. Rxd4 Rfd8 30. Rd6 Rxd6 31. cxd6 Rc8 32. Kf3 Kf7 33. d7 Rd8 34. Rxc6 Rxd7 35. Ke2 a4 36. Rc5 axb3 37. axb3 Ra7 38. Kf3 Ra2 39. h3 Rd2 40. Rxb5 Rd3+ 41. Kg4 Kf6 42. Rb4 Re3 43. Kh4 h6 44. Rb5 Rf3 45. Rb8 Re3 46. Kg4 Rc3 47. Kh4 Re3 48. b4 Rb3 49. Kg4 Kg7 50. b5 Kf7 51. Rb7+ Kf6 52. b6 Rb5 53. Kf3 Rb3+ 54. Kf2 e5 55. Rb8 exf4 56. gxf4 Kg7 57. h4 h5 58. Ke2 Rb4 59. Kd2 Rxf4 60. Kc3 Rf1 61. Kc4 Rb1 62. Kc5 g5 63. hxg5 h4 64. Rd8 Kg6 65. Rg8+ Kh7 66. Rd8 Kg6 67. Kc6 Kxg5 68. b7 h3 69. b8=Q Rxb8 70. Rxb8 Kf4 71. Kd5 h2 72. Rh8 Kg3 73. Ke4 Kg2 74. Rg8+ Kf2 75. Rf8+ Kg2 76. Rg8+ Kf2 1/2-1/2

[Event "GER-ch 92nd"]
[Site "Magdeburg"]
[Date "2021.07.31"]
[Round "9"]
[White "Colbow, Collin"]
[Black "Pajeken, Jakob Leon"]
[Result "0-1"]
[WhiteElo "2353"]
[BlackElo "2328"]
[EventDate "2021.07.25"]
[PlyCount "82"]

1. e4 c5 2. Nf3 d6 3. d4 cxd4 4. Nxd4 Nf6 5. Nc3 a6 6. Bg5 Nbd7 7. Bc4 Qb6 8. Bb3 e6 9. Qd2 Be7 10. O-O-O Nc5 11. f3 Qc7 12. g4 b5 13. a3 Bd7 14. Ba2 Rb8 15. b4 Na4 16. Nxa4 bxa4 17. Kb2 a5 18. c3 O-O 19. Be3 Rfc8 20. g5 Nh5 21. Ne2 d5 22. exd5 exd5 23. Nd4 Bb5 24. Nxb5 Rxb5 25. Rc1 Rcb8 26. f4 Bd6 27. Rhf1 Qe7 28. Bd4 axb4 29. cxb4 Qe4 30. Rcd1 Bxf4 31. Qd3 Qg2+ 32. Rf2 Qxg5 33. Re2 f6 34. Rg1 Qh4 35. Bb1 g6 36. Re7 Ng7 37. h3 Be5 38. Bxe5 fxe5 39. Rxg7+ Kxg7 40. Rxg6+ hxg6 41. Qxg6+ Kh8 0-1

[Event "GER-ch 92nd"]
[Site "Magdeburg"]
[Date "2021.07.31"]
[Round "9"]
[White "Ehmann, Thilo"]
[Black "Muckle, Julius"]
[Result "1/2-1/2"]
[WhiteElo "2342"]
[BlackElo "2423"]
[EventDate "2021.07.25"]
[PlyCount "81"]

1. e4 e6 2. d3 d5 3. Nd2 c5 4. Ngf3 Ne7 5. g3 g6 6. Bg2 Bg7 7. O-O O-O 8. Re1 Nbc6 9. e5 Qc7 10. Qe2 b5 11. c3 a5 12. a4 b4 13. Nf1 Ba6 14. h4 Rab8 15. N1h2 bxc3 16. bxc3 Rb3 17. Qc2 Rfb8 18. Ng4 Nf5 19. Nf6+ Bxf6 20. exf6 Qd8 21. g4 Nd6 22. Bf4 R8b6 23. Rab1 c4 24. dxc4 Rxb1 25. Rxb1 Nxc4 26. Rxb6 Qxb6 27. Bf1 e5 28. Bg3 e4 29. Nd2 N6e5 30. Nxc4 Nxc4 31. Qd1 Qc5 32. Qb1 Qc8 33. Bxc4 Bxc4 34. Qb6 h6 35. Qxa5 g5 36. h5 Qxg4 37. Qd8+ Kh7 38. Qe8 Qd1+ 39. Kg2 Qxh5 40. Kg1 Qg6 41. Be5 1/2-1/2

[Event "GER-ch 92nd"]
[Site "Magdeburg"]
[Date "2021.07.31"]
[Round "9"]
[White "Feuerstack, Aljoscha"]
[Black "Koelle, Tobias"]
[Result "0-1"]
[WhiteElo "2473"]
[BlackElo "2312"]
[EventDate "2021.07.25"]
[PlyCount "94"]

1. e4 c5 2. Nf3 d6 3. Bb5+ Nd7 4. a4 Ngf6 5. Nc3 e6 6. a5 a6 7. Bxd7+ Bxd7 8. O-O Be7 9. e5 dxe5 10. Nxe5 O-O 11. d4 cxd4 12. Qxd4 Bb5 13. Rd1 Qc7 14. Nxb5 axb5 15. Qc3 Qxc3 16. bxc3 Nd5 17. c4 bxc4 18. Nxc4 Rfc8 19. Rxd5 exd5 20. Nb6 Bf6 21. Rb1 Re8 22. Bd2 Rad8 23. Kf1 Bd4 24. Na4 Rd7 25. Rb5 h6 26. Bb4 Rc8 27. c3 Ba7 28. Nc5 Bxc5 29. Bxc5 Re8 30. h4 Kh7 31. Bd4 h5 32. g3 Kg6 33. Kg2 Re6 34. Kf3 f6 35. Rc5 Re1 36. Kf4 Ra1 37. Rb5 Ra2 38. Be3 Ra4+ 39. Bd4 Rc4 40. Rb6 Ra4 41. Rb5 Kf7 42. Kf5 Ra1 43. Be3 Re1 44. Rb6 Re7 45. Rb4 R7xe3 46. fxe3 Rf1+ 47. Rf4 g6# 0-1

[Event "GER-ch 92nd"]
[Site "Magdeburg"]
[Date "2021.07.31"]
[Round "9"]
[White "Fromm, Marius"]
[Black "Dobrikov, Marco"]
[Result "1-0"]
[WhiteElo "2326"]
[BlackElo "2311"]
[EventDate "2021.07.25"]
[PlyCount "93"]

1. e4 c5 2. Nf3 Nf6 3. e5 Nd5 4. Nc3 e6 5. Ne4 f5 6. Nc3 Nxc3 7. dxc3 Nc6 8. Bf4 Be7 9. Qd2 b6 10. O-O-O Bb7 11. h4 Qc7 12. h5 h6 13. Nh4 O-O-O 14. Ng6 Rhg8 15. Rh3 Bf8 16. Bg3 Ne7 17. Bh4 Re8 18. Bb5 Bc6 19. Bxc6 Qxc6 20. Bxe7 Rxe7 21. Nxe7+ Bxe7 22. f4 Rd8 23. c4 Qe4 24. Rd3 Qc6 25. Kb1 Bf8 26. Qe2 Kc7 27. Qf3 Qxf3 28. Rxf3 Re8 29. Ra3 a5 30. Rb3 Kc6 31. g3 Kc7 32. Kc1 Kc6 33. Rbd3 Re7 34. Kd2 Rf7 35. Ke3 Kc7 36. Kd2 Kc6 37. Kc3 g5 38. hxg6 Rg7 39. Kb3 Rxg6 40. Rxd7 Rxg3+ 41. Ka4 Rf3 42. Rf7 Rxf4 43. Rxf8 Rxc4+ 44. Kb3 Kb5 45. a4+ Rxa4 46. Rf6 Rb4+ 47. Ka2 1-0

[Event "GER-ch 92nd"]
[Site "Magdeburg"]
[Date "2021.07.31"]
[Round "9"]
[White "Geue, Niklas"]
[Black "Lampe, Dirk"]
[Result "0-1"]
[WhiteElo "2121"]
[BlackElo "2160"]
[EventDate "2021.07.25"]
[PlyCount "80"]

1. e4 c5 2. Nf3 g6 3. d4 cxd4 4. Nxd4 Nc6 5. c4 Bg7 6. Be3 Nf6 7. Nc3 O-O 8. Be2 d6 9. O-O Bd7 10. Nc2 Rc8 11. f3 Qa5 12. Rc1 Ne5 13. Na3 h5 14. Qd2 Rfe8 15. Rfd1 Kh7 16. h3 Bc6 17. g4 hxg4 18. hxg4 Bd7 19. g5 Nh5 20. Kg2 f5 21. gxf6 exf6 22. Ncb5 Qxd2 23. Rxd2 d5 24. Nd6 dxe4 25. fxe4 Bc6 26. Bxh5 gxh5 27. c5 Rg8 28. Kh1 Ng4 29. Bf4 f5 30. Nxc8 Rxc8 31. Nc4 Bxe4+ 32. Kg1 Rxc5 33. Rd7 h4 34. b3 h3 35. Rcd1 Bc6 36. Rc7 b5 37. Ne3 h2+ 38. Bxh2 Nxe3 39. Re1 Ng4 40. Ree7 Rc1+ 0-1

[Event "GER-ch 92nd"]
[Site "Magdeburg"]
[Date "2021.07.31"]
[Round "9"]
[White "Hess, Max"]
[Black "Gutkin, Ilya"]
[Result "1-0"]
[WhiteElo "2413"]
[BlackElo "2304"]
[EventDate "2021.07.25"]
[PlyCount "29"]

1. e4 e6 2. d4 d5 3. e5 c5 4. c3 Nc6 5. Nf3 Nge7 6. Na3 cxd4 7. cxd4 Nf5 8. Nc2 Qb6 9. Bd3 Bd7 10. O-O a5 11. Kh1 Nfxd4 12. Ncxd4 Nxd4 13. Be3 Bc5 14. Rc1 Rc8 15. Nxd4 1-0

[Event "GER-ch 92nd"]
[Site "Magdeburg"]
[Date "2021.07.31"]
[Round "9"]
[White "Kolb, Tobias"]
[Black "Stork, Oliver"]
[Result "1-0"]
[WhiteElo "2307"]
[BlackElo "2394"]
[EventDate "2021.07.25"]
[PlyCount "115"]

1. d4 Nf6 2. c4 e6 3. Nc3 Bb4 4. e3 c5 5. Nge2 d5 6. a3 Ba5 7. dxc5 dxc4 8. Qxd8+ Kxd8 9. Bd2 Nbd7 10. Nd4 Nxc5 11. Bxc4 Bxc3 12. Bxc3 Nce4 13. Rc1 Bd7 14. f3 Nxc3 15. Rxc3 Ke7 16. Ke2 e5 17. Nb3 Rac8 18. Rhc1 g5 19. Bd3 Rxc3 20. Rxc3 Rc8 21. Rxc8 Bxc8 22. Nd2 h5 23. Nc4 Ke6 24. Bf5+ Kxf5 25. Nd6+ Ke6 26. Nxc8 a6 27. Nb6 e4 28. Na4 Kd5 29. b3 b5 30. Nc3+ Ke5 31. Kf2 exf3 32. gxf3 Nd7 33. Ne4 g4 34. Ng3 h4 35. Ne2 f5 36. Nd4 Nb6 37. Nc6+ Kf6 38. Nd4 Nd5 39. Nxf5 gxf3 40. Nxh4 Nc3 41. Nxf3 Nb1 42. a4 bxa4 43. bxa4 Nc3 44. a5 Kf5 45. Nd2 Kg4 46. Kg2 Na2 47. h3+ Kh4 48. Nf3+ Kh5 49. Kg3 Nb4 50. Nd4 Nd3 51. e4 Kg6 52. Nc6 Kf6 53. h4 Kg6 54. Kg4 Nf2+ 55. Kf3 Nd3 56. Ke3 Nc5 57. Kd4 Nb3+ 58. Kd5 1-0

[Event "GER-ch 92nd"]
[Site "Magdeburg"]
[Date "2021.07.31"]
[Round "9"]
[White "Krassowizkij, Jaroslaw"]
[Black "Rosner, Jonas"]
[Result "0-1"]
[WhiteElo "2448"]
[BlackElo "2434"]
[EventDate "2021.07.25"]
[PlyCount "66"]

1. e4 c6 2. d4 d5 3. exd5 cxd5 4. Bd3 Nc6 5. c3 Qc7 6. Ne2 Bg4 7. O-O Nf6 8. Qe1 e6 9. Bg5 Bxe2 10. Qxe2 Bd6 11. g3 h6 12. Be3 h5 13. Nd2 h4 14. Nf3 hxg3 15. hxg3 O-O-O 16. Rae1 Ne7 17. Bg5 Nd7 18. c4 dxc4 19. Bxc4 Kb8 20. Rc1 Qb6 21. Ne5 Nxe5 22. dxe5 Bc5 23. Kg2 Rd7 24. Bb5 Rc7 25. a3 a6 26. Bd3 Rhc8 27. Qf3 Nc6 28. Qe4 Bd4 29. Rc4 Qxb2 30. Bc1 Qa2 31. Bf4 Rd8 32. Be2 Rd5 33. Rb1 g5 0-1

[Event "GER-ch 92nd"]
[Site "Magdeburg"]
[Date "2021.07.31"]
[Round "9"]
[White "Krastev, Alexander"]
[Black "Wachinger, Nikolas"]
[Result "1/2-1/2"]
[WhiteElo "2380"]
[BlackElo "2355"]
[EventDate "2021.07.25"]
[PlyCount "81"]

1. e4 c5 2. Nf3 d6 3. Bb5+ Nd7 4. Ba4 Ngf6 5. O-O e6 6. Re1 a6 7. c3 b5 8. Bc2 c4 9. a4 Bb7 10. axb5 axb5 11. Rxa8 Qxa8 12. Na3 Bxe4 13. Bxe4 Nxe4 14. d3 cxd3 15. Qxd3 Nec5 16. Qxb5 Be7 17. Nd4 O-O 18. b4 Rb8 19. Qe2 Na4 20. Nab5 Ne5 21. Bf4 Rc8 22. Rc1 Qd5 23. Bxe5 dxe5 24. Nf3 e4 25. Nd2 e3 26. Nf3 exf2+ 27. Kf1 Qb7 28. Qd3 Nb2 29. Qe2 Na4 30. Qd3 Qa6 31. c4 Bxb4 32. Ng5 h6 33. Qh7+ Kf8 34. Ne4 Rxc4 35. Qh8+ Ke7 36. Rxc4 Qxb5 37. Qc8 Nb6 38. Qc7+ Ke8 39. Qb8+ Kd7 40. Qc7+ Ke8 41. Qb8+ 1/2-1/2

[Event "GER-ch 92nd"]
[Site "Magdeburg"]
[Date "2021.07.31"]
[Round "9"]
[White "Kunin, Vitaly L"]
[Black "Stern, Rene"]
[Result "1-0"]
[WhiteElo "2567"]
[BlackElo "2517"]
[EventDate "2021.07.25"]
[PlyCount "43"]

1. d4 d5 2. c4 e6 3. Nc3 Nf6 4. Nf3 Nbd7 5. Qc2 dxc4 6. e4 c5 7. Bxc4 a6 8. O-O cxd4 9. Nxd4 Nb6 10. Rd1 Bd7 11. Bb3 Qc7 12. Nf3 Be7 13. Be3 Ng4 14. Bxb6 Qxb6 15. Rxd7 Kxd7 16. Ba4+ Kd8 17. Rd1+ Bd6 18. e5 Nxe5 19. Nxe5 Ke7 20. Nc4 Bxh2+ 21. Kxh2 Qc7+ 22. Nd6 1-0

[Event "GER-ch 92nd"]
[Site "Magdeburg"]
[Date "2021.07.31"]
[Round "9"]
[White "Laux, Dominik"]
[Black "Dyballa, Gerhard"]
[Result "1-0"]
[WhiteElo "2085"]
[BlackElo "1960"]
[EventDate "2021.07.25"]
[PlyCount "107"]

1. d4 Nf6 2. Bg5 e6 3. Nd2 d5 4. e3 c5 5. c3 Be7 6. Bd3 O-O 7. f4 b6 8. Ngf3 Bb7 9. Ne5 Nbd7 10. Qf3 Nxe5 11. fxe5 Nd7 12. Bxe7 Qxe7 13. Qh3 g6 14. O-O f6 15. exf6 Rxf6 16. Rxf6 Qxf6 17. Nf3 Rf8 18. Qg3 c4 19. Bc2 e5 20. Ba4 e4 21. Nd2 Bc6 22. Rf1 Qe6 23. Rxf8+ Nxf8 24. Bd1 Bd7 25. h4 a5 26. Nf1 Kh8 27. Qg5 Qd6 28. Ng3 Kg7 29. Nh5+ Kh8 30. Nf4 Bf5 31. g4 Be6 32. Qf6+ Kg8 33. Ba4 h5 34. gxh5 gxh5 35. Qg5+ Kf7 36. Qxh5+ Ke7 37. Qg5+ Kf7 38. h5 Qe7 39. Qxe7+ Kxe7 40. Kf2 Nh7 41. Kg3 Nf6 42. Bd1 b5 43. Nxe6 Kxe6 44. Bg4+ Kf7 45. Kf4 b4 46. Bd1 Ke6 47. h6 Nh7 48. Bg4+ Kf6 49. Bf5 Ng5 50. h7 Nf7 51. Bg4 Nh8 52. Bh5 a4 53. a3 b3 54. Kg4 1-0

[Event "GER-ch 92nd"]
[Site "Magdeburg"]
[Date "2021.07.31"]
[Round "9"]
[White "Matthes, Aaron"]
[Black "Kuhn, Patrick"]
[Result "1-0"]
[WhiteElo "2035"]
[BlackElo "2073"]
[EventDate "2021.07.25"]
[PlyCount "57"]

1. d4 d5 2. Nf3 e6 3. c4 a6 4. Bg5 Be7 5. Bxe7 Qxe7 6. Nbd2 dxc4 7. Nxc4 Qb4+ 8. Nfd2 Nd7 9. a3 Qe7 10. b4 b6 11. e3 Ngf6 12. Qf3 Ra7 13. Bd3 e5 14. O-O O-O 15. Rac1 c5 16. bxc5 bxc5 17. d5 Rd8 18. e4 Nf8 19. Na5 Bd7 20. Ndc4 Ng6 21. g3 Bg4 22. Qe3 Bh3 23. Nc6 Qd7 24. Rfe1 Ng4 25. Qd2 Rc7 26. Nxd8 Qxd8 27. f3 Nh4 28. gxh4 Qxh4 29. Bf1 1-0

[Event "GER-ch 92nd"]
[Site "Magdeburg"]
[Date "2021.07.31"]
[Round "9"]
[White "Niering, Martin"]
[Black "Belezky, Alexander"]
[Result "0-1"]
[WhiteElo "2200"]
[BlackElo "2377"]
[EventDate "2021.07.25"]
[PlyCount "154"]

1. e4 c5 2. Nf3 d6 3. Bb5+ Bd7 4. Bxd7+ Qxd7 5. O-O Nc6 6. c3 Nf6 7. Qe2 e6 8. d4 cxd4 9. cxd4 d5 10. e5 Ne4 11. Nbd2 Nxd2 12. Bxd2 Be7 13. g3 Rc8 14. Kg2 a6 15. h4 Na7 16. Qe3 O-O 17. h5 Rc7 18. a3 Rfc8 19. Qf4 Rc2 20. h6 g6 21. b3 Nb5 22. a4 Nc3 23. Bxc3 R8xc3 24. Rac1 Qc7 25. Rxc2 Rxc2 26. Nh2 f5 27. Nf3 Qd8 28. Rc1 g5 29. Qe3 Rxc1 30. Qxc1 g4 31. Ne1 Bg5 32. Qc5 Bxh6 33. Nd3 Bf8 34. Qc3 Kf7 35. Nf4 Bh6 36. Nd3 Bf8 37. Nf4 Bh6 38. Nd3 a5 39. Qc5 Bf8 40. Qc1 h5 41. Qh1 Qg5 42. Nf4 h4 43. Qc1 h3+ 44. Kh2 Qd8 45. Nd3 Ke8 46. f3 gxf3 47. Nf2 Kd7 48. Nxh3 Qb6 49. Qe3 Ba3 50. Ng5 f2 51. Kg2 Qc6 52. Qxf2 Qc3 53. g4 Bc1 54. Nxe6 Kxe6 55. Qxf5+ Ke7 56. Qf6+ Ke8 57. Qe6+ Kf8 58. Qf6+ Ke8 59. Qe6+ Kd8 60. Qxd5+ Kc8 61. Qc4+ Qxc4 62. bxc4 Bb2 63. d5 Bxe5 64. Kf3 Kd7 65. Ke4 Bb2 66. c5 Bc1 67. Kd4 Kc7 68. Kc4 b6 69. Kb5 bxc5 70. Kxc5 Bd2 71. d6+ Kd7 72. Kd5 Bf4 73. Ke4 Bxd6 74. Kd5 Be7 75. Ke5 Kc6 76. Kd4 Bh4 77. Kc4 Bf6 0-1

[Event "GER-ch 92nd"]
[Site "Magdeburg"]
[Date "2021.07.31"]
[Round "9"]
[White "Paehtz, Thomas Sr"]
[Black "Nguyen, Alex Dac Vuong"]
[Result "1/2-1/2"]
[WhiteElo "2350"]
[BlackElo "2298"]
[EventDate "2021.07.25"]
[PlyCount "146"]

1. e4 c6 2. Nf3 d5 3. exd5 cxd5 4. Ne5 Nf6 5. d4 Nc6 6. c3 Bf5 7. Bb5 Qb6 8. Qb3 Rc8 9. Nd2 e6 10. Ndf3 Be7 11. Bf4 O-O 12. Be2 h6 13. Qxb6 axb6 14. h3 g5 15. Bh2 Kg7 16. Bd3 Bxd3 17. Nxd3 Ne4 18. Nfe5 Rfd8 19. f3 Nd6 20. O-O Nc4 21. Rae1 Bd6 22. Ng4 b5 23. a3 Ne7 24. Ne3 Ng6 25. Bxd6 Rxd6 26. g3 h5 27. Nxc4 bxc4 28. Ne5 Ne7 29. f4 f6 30. Nf3 g4 31. Nh4 f5 32. Ng2 Ng8 33. hxg4 hxg4 34. Ne3 Nf6 35. Kg2 Rb6 36. Re2 Ne4 37. Rh1 Rh8 38. Rxh8 Kxh8 39. Nd1 Kg7 40. Re1 Kf7 41. Rh1 Ke7 42. Rh6 Kd7 43. Kh2 Kc7 44. Kg2 Kb8 45. Rh8+ Kc7 46. Rh6 Rc6 47. Rh8 Kb6 48. Ra8 Kb5 49. Ne3 Ra6 50. Rb8 Rb6 51. Ra8 Ra6 52. Rb8 Nd6 53. Nc2 Ka4 54. Na1 Rb6 55. Ra8+ Ra6 56. Rb8 Ra7 57. Rd8 Ne4 58. Re8 Ra6 59. Rb8 Ra7 60. Re8 Ra6 61. Rb8 b5 62. Rb7 Nd6 63. Rb8 Ne4 64. Rb7 Ra5 65. Rb6 Nxc3 66. bxc3 Kxa3 67. Nc2+ Kb3 68. Ne3 Ra2+ 69. Kf1 Ra1+ 70. Ke2 Ra2+ 71. Ke1 Ra1+ 72. Ke2 Ra2+ 73. Ke1 Ra1+ 1/2-1/2

[Event "GER-ch 92nd"]
[Site "Magdeburg"]
[Date "2021.07.31"]
[Round "9"]
[White "Poetsch, Hagen"]
[Black "Roseneck, Jonas"]
[Result "0-1"]
[WhiteElo "2525"]
[BlackElo "2401"]
[EventDate "2021.07.25"]
[PlyCount "102"]

1. e4 e5 2. Nf3 Nc6 3. Bc4 Nf6 4. Ng5 d5 5. exd5 Na5 6. Bb5+ c6 7. dxc6 bxc6 8. Bd3 Nd5 9. Nf3 Bd6 10. Nc3 Nf4 11. O-O Nxd3 12. cxd3 O-O 13. Ne4 Bc7 14. Qc2 c5 15. b3 Bg4 16. Ba3 Bxf3 17. gxf3 f5 18. Qxc5 fxe4 19. Qxf8+ Qxf8 20. Bxf8 Rxf8 21. Rac1 Bb6 22. fxe4 Rf6 23. d4 Bxd4 24. Rc8+ Kf7 25. Rc7+ Kg6 26. Kh1 Kh6 27. f4 exf4 28. e5 Rg6 29. Rd7 Nc6 30. e6 Rxe6 31. Rxf4 Bf6 32. Kg2 Kg5 33. Rf3 Ne5 34. Rg3+ Kf5 35. Rxa7 Rd6 36. d3 Nxd3 37. Rf3+ Nf4+ 38. Kg3 g5 39. Rxh7 Rd1 40. h3 Rg1+ 41. Kh2 Rg2+ 42. Kh1 Rxa2 43. Rf7 Ke6 44. Rxf6+ Kxf6 45. h4 Kf5 46. hxg5 Kg4 47. Rf1 Kg3 48. Rd1 Kh3 49. Kg1 Ne2+ 50. Kf1 Ng3+ 51. Ke1 Re2# 0-1

[Event "GER-ch 92nd"]
[Site "Magdeburg"]
[Date "2021.07.31"]
[Round "9"]
[White "Schulte, Felix"]
[Black "Neyman, Igor"]
[Result "0-1"]
[WhiteElo "2162"]
[BlackElo "2325"]
[EventDate "2021.07.25"]
[PlyCount "118"]

1. d4 Nf6 2. Bg5 e6 3. e4 h6 4. Bxf6 Qxf6 5. Nf3 g6 6. Qd2 Bg7 7. Nc3 Qe7 8. O-O-O d6 9. Bc4 a6 10. Rhe1 O-O 11. Kb1 b5 12. Bd3 b4 13. Ne2 a5 14. Nf4 Ba6 15. e5 Bxd3 16. Nxd3 Nd7 17. exd6 cxd6 18. d5 Qf6 19. Qf4 Qxf4 20. Nxf4 e5 21. Ne2 f5 22. Nd2 Rfc8 23. f4 Rc5 24. Nb3 Rc4 25. Nd2 Rc7 26. Nf3 a4 27. fxe5 dxe5 28. Nc1 Rac8 29. Re2 Rc5 30. h3 Bf6 31. g4 e4 32. Ne1 Be5 33. gxf5 gxf5 34. Ng2 Kh7 35. Nh4 Rf8 36. Rf1 Rxd5 37. Rxf5 Rxf5 38. Nxf5 Nc5 39. Ne3 Rd8 40. Re1 Bf4 41. Nc4 Kg6 42. Ne2 Bc7 43. a3 b3 44. Nc3 Rd4 45. Ne3 Bf4 46. Ncd5 Bxe3 47. Nxe3 Rd2 48. Rc1 Kg5 49. cxb3 Nxb3 50. Rg1+ Kf4 51. Nc4 Re2 52. Nb6 Nc5 53. Rc1 Nb3 54. Rg1 Nc5 55. Rc1 Nd3 56. Rf1+ Ke3 57. Nxa4 Kd4 58. b4 e3 59. b5 Rf2 0-1

[Event "GER-ch 92nd"]
[Site "Magdeburg"]
[Date "2021.07.31"]
[Round "9"]
[White "Schulz, Karsten"]
[Black "Biastoch, Bennet"]
[Result "1-0"]
[WhiteElo "2302"]
[BlackElo "2266"]
[EventDate "2021.07.25"]
[PlyCount "79"]

1. Nf3 d5 2. g3 Nf6 3. Bg2 e6 4. O-O Bd6 5. c4 dxc4 6. Na3 O-O 7. Nxc4 Nc6 8. d4 Bd7 9. Nfe5 Nd5 10. Nxc6 bxc6 11. e4 Nb6 12. Na5 e5 13. dxe5 Bxe5 14. f4 Bd6 15. Qc2 Qe7 16. Be3 Qe6 17. a3 Rab8 18. Bf2 c5 19. b3 Bb5 20. Rfe1 c4 21. b4 Rfd8 22. Rac1 Bf8 23. Bf1 Rd6 24. e5 Rd3 25. Nxc4 Qxc4 26. Qxc4 Bxc4 27. Rxc4 Nxc4 28. Bxd3 Nxa3 29. Bxa7 Rxb4 30. Rc1 Rb3 31. Bf1 Rb7 32. Bf2 g6 33. Kg2 Nb1 34. Bd3 Nd2 35. Rc2 Bb4 36. Rb2 c6 37. Be1 Rd7 38. Bxd2 Bxd2 39. Rxd2 c5 40. Rd1 1-0

[Event "GER-ch 92nd"]
[Site "Magdeburg"]
[Date "2021.07.31"]
[Round "9"]
[White "Voege, Tobias"]
[Black "Enders, Peter"]
[Result "0-1"]
[WhiteElo "2324"]
[BlackElo "2447"]
[EventDate "2021.07.25"]
[PlyCount "78"]

1. d4 Nf6 2. c4 g6 3. Nc3 Bg7 4. Nf3 O-O 5. Bg5 d6 6. e3 Nbd7 7. Be2 b6 8. O-O Bb7 9. Qc2 e6 10. Nd2 Qe7 11. Rae1 a6 12. f4 c5 13. d5 exd5 14. cxd5 Qxe3+ 15. Kh1 Rfe8 16. Bh4 c4 17. Nxc4 Qc5 18. Bxf6 Nxf6 19. Na4 Qc7 20. Naxb6 Rab8 21. Bf3 h5 22. b3 Re7 23. Qd2 Rbe8 24. Rxe7 Qxe7 25. f5 Nh7 26. fxg6 fxg6 27. Qf4 g5 28. Qg3 g4 29. Bd1 Ng5 30. Bc2 Rf8 31. Rxf8+ Qxf8 32. Qe3 Qf1+ 33. Qg1 Qe2 34. Qd1 Qf2 35. Bd3 Bd4 36. Nxd6 Be5 37. Ndc4 Bxh2 38. Kxh2 Nf3+ 39. Kh1 Qh4# 0-1